US states and capitals mixup #2 - Statistics

General Stats
  • This quiz has been taken 14 times
  • The average score is 8 of 10
Answer Stats
State or Capital Answer % Correct
Nevada Carson City
100%
Columbia South Carolina
100%
California Sacramento
92%
Minnesota Saint Paul
92%
New Mexico Santa Fe
83%
Charleston West Virginia
83%
Alaska Juneau
75%
Harrisburg Pennsylvania
75%
Dover Delaware
67%
Montpelier Vermont
67%
No matching quizzes found
Score Distribution
Percent of People with Each Score
Percentile by Number Answered
Your Score History
You have not taken this quiz